[Event "SWE-chT 1920 Superettan"]
[Site "Sweden"]
[Date "2019.10.20"]
[Round "3"]
[White "Laveryd, Peter"]
[Black "Wickstrom, Lucas"]
[Result "0-1"]
[WhiteElo "2367"]
[BlackElo "2337"]
[PlyCount "84"]
[EventDate "2019.10.18"]
[EventType "team-tourn"]
[EventRounds "9"]
[EventCountry "SWE"]
[SourceTitle "EXT 2023"]
[Source "ChessBase"]
[SourceDate "2022.10.05"]
[SourceVersion "1"]
[SourceVersionDate "2022.10.05"]
[SourceQuality "1"]
[WhiteTeam "Norrkoping Schack 08"]
[BlackTeam "Umea Rockaden"]
[WhiteTeamCountry "SWE"]
[BlackTeamCountry "SWE"]

1. e4 c5 2. Nc3 a6 3. g3 b5 4. Bg2 Bb7 5. d3 Nc6 6. f4 e6 7. Nh3 d6 8. 0-0 Nf6 9. f5 b4 10. e5 dxe5 11. Ne4 exf5 12. Rxf5 Qd4+ 13. Rf2 Be7 14. Nhg5 Nxe4 15. Bxe4 Bxg5 16. Bxg5 Qd7 17. Qh5 Nd4 18. Raf1 g6 19. Rxf7 gxh5 20. Rxd7 Kxd7 21. Rf7+ Kd6 22. Rxb7 Nc6 23. Bf5 Ra7 24. Rxa7 Nxa7 25. Be4 Nc6 26. Kf2 Nd4 27. c3 bxc3 28. bxc3 Ne6 29. Bc1 Rb8 30. Ke2 h6 31. h4 Rb1 32. Bxh6 Ra1 33. Kf3 Rxa2 34. g4 hxg4+ 35. Kxg4 a5 36. h5 a4 37. Bc1 Rc2 38. h6 Nf8 39. Ba3 Rxc3 40. Bb2 Rb3 41. Ba1 Rb1 42. Bc3 a3 0-1

[Event "SWE-chT 1920 Superettan"]
[Site "Sweden"]
[Date "2019.10.19"]
[Round "2"]
[White "Laveryd, Peter"]
[Black "Nilsson, Joakim"]
[Result "1-0"]
[WhiteElo "2367"]
[BlackElo "2305"]
[PlyCount "69"]
[EventDate "2019.10.18"]
[EventType "team-tourn"]
[EventRounds "9"]
[EventCountry "SWE"]
[SourceTitle "EXT 2023"]
[Source "ChessBase"]
[SourceDate "2022.10.05"]
[SourceVersion "1"]
[SourceVersionDate "2022.10.05"]
[SourceQuality "1"]
[WhiteTeam "Norrkoping Schack 08"]
[BlackTeam "Upsala"]
[WhiteTeamCountry "SWE"]
[BlackTeamCountry "SWE"]

1. e4 c5 2. Nc3 Nc6 3. f4 g6 4. Nf3 Bg7 5. Bc4 e6 6. f5 Nge7 7. fxe6 dxe6 8. d3 0-0 9. a3 Nd4 10. Nxd4 cxd4 11. Ne2 Nc6 12. 0-0 Ne5 13. Bb3 a5 14. Nf4 a4 15. Ba2 Ra6 16. Nh3 Rc6 17. Bg5 f6 18. Bd2 Qc7 19. Nf4 Re8 20. Rf2 b6 21. c3 f5 22. exf5 gxf5 23. h3 Ng6 24. Nh5 dxc3 25. bxc3 Kh8 26. Qxa4 Bb7 27. d4 Rf8 28. Re1 f4 29. Bxe6 f3 30. d5 Rxc3 31. Nxg7 Rc4 32. Qb3 Rc2 33. Nh5 Qc5 34. Qb4 Rxd2 35. Qxc5 1-0

[Event "SWE-chT 1819 Elite"]
[Site "Sweden"]
[Date "2018.11.11"]
[Round "3.3"]
[White "Laveryd, Peter"]
[Black "Sjodahl, Pontus"]
[Result "1-0"]
[WhiteElo "2368"]
[BlackElo "2410"]
[PlyCount "75"]
[EventDate "2018.11.09"]
[EventType "team-tourn"]
[EventRounds "9"]
[EventCountry "SWE"]
[SourceTitle "CBM 187 Extra"]
[Source "ChessBase"]
[SourceDate "2018.11.04"]
[SourceVersion "1"]
[SourceVersionDate "2018.11.04"]
[SourceQuality "1"]
[WhiteTeam "Norrkoping Schack 08"]
[BlackTeam "Vasteras"]
[WhiteTeamCountry "SWE"]
[BlackTeamCountry "SWE"]

1. d4 Nf6 2. Nf3 d5 3. Bf4 c5 4. e3 Nc6 5. Nbd2 Qb6 6. dxc5 Qxb2 7. Rb1 Qxa2 8. Bb5 Qa5 9. 0-0 Bd7 10. c4 Qd8 11. Ne5 e6 12. Bxc6 bxc6 13. Rb7 Bxc5 14. Nb3 Bb6 15. c5 Qc8 16. Rxd7 Nxd7 17. cxb6 axb6 18. Qg4 Kf8 19. Nd4 c5 20. Nb5 Nxe5 21. Bxe5 f6 22. Bd6+ Kf7 23. Bg3 Qd7 24. Nd6+ Kg8 25. h4 h5 26. Qd1 g6 27. e4 Qc6 28. exd5 Qxd5 29. Qb1 Kg7 30. Qxb6 Rhf8 31. Qc7+ Kg8 32. Rb1 Qd2 33. Rb7 Qh6 34. Qd7 Ra1+ 35. Kh2 Re1 36. f3 Re2 37. Ne4 Kh8 38. Qxe6 1-0

[Event "SWE-chT 1819 Elite"]
[Site "Sweden"]
[Date "2018.11.09"]
[Round "1.4"]
[White "Salomon, Johan"]
[Black "Laveryd, Peter"]
[Result "1-0"]
[WhiteElo "2485"]
[BlackElo "2368"]
[PlyCount "53"]
[EventDate "2018.11.09"]
[EventType "team-tourn"]
[EventRounds "9"]
[EventCountry "SWE"]
[SourceTitle "CBM 189 Extra"]
[Source "ChessBase"]
[SourceDate "2019.06.03"]
[SourceVersion "1"]
[SourceVersionDate "2019.06.03"]
[SourceQuality "1"]
[WhiteTeam "Stockholm Rockaden"]
[BlackTeam "Norrkoping Schack 08"]
[WhiteTeamCountry "SWE"]
[BlackTeamCountry "SWE"]

1. d4 Nf6 2. c4 c5 3. d5 a6 4. a4 e5 5. Nc3 d6 6. e4 g6 7. a5 Bg7 8. Be2 0-0 9. Bg5 b5 10. axb6 Qxb6 11. Qc2 a5 12. Nf3 Nh5 13. g3 f5 14. Nh4 f4 15. Rg1 Kh8 16. Nb5 Rf7 17. Bxh5 gxh5 18. gxf4 exf4 19. Ra3 Na6 20. Qd2 Nb4 21. Bxf4 Nc2+ 22. Qxc2 Rxf4 23. Rag3 Rg4 24. Rxg4 hxg4 25. Nf5 Bxf5 26. exf5 h5 27. f6 1-0

[Event "SWE-chT 1718 Superettan"]
[Site "Sweden"]
[Date "2018.02.03"]
[Round "4"]
[White "Cramling, Pia"]
[Black "Laveryd, Peter"]
[Result "0-1"]
[WhiteElo "2450"]
[BlackElo "2363"]
[PlyCount "76"]
[EventDate "2017.10.20"]
[EventType "team-tourn"]
[EventRounds "9"]
[EventCountry "SWE"]
[SourceTitle "EXT 2019"]
[Source "ChessBase"]
[SourceDate "2018.10.10"]
[SourceVersion "1"]
[SourceVersionDate "2018.10.10"]
[SourceQuality "1"]
[WhiteTeam "Wasa"]
[BlackTeam "Norrkoping Schack 08"]
[WhiteTeamCountry "SWE"]
[BlackTeamCountry "SWE"]

1. Nf3 d6 2. d4 Bg4 3. g3 Bxf3 4. exf3 e6 5. Bg2 d5 6. 0-0 Nf6 7. Be3 Be7 8. c3 c6 9. Nd2 0-0 10. Nb3 Nbd7 11. Nc1 Ne8 12. Nd3 Nd6 13. Qe2 Nf5 14. Bf4 c5 15. dxc5 Nxc5 16. Bh3 Nxd3 17. Qxd3 Nd6 18. Rad1 Qb6 19. Qe2 Qb5 20. Rd3 Ne8 21. Rfd1 Nf6 22. Bc1 Rfe8 23. Bg2 Nd7 24. Qe1 Qa6 25. a3 Nc5 26. Re3 Nb3 27. f4 Nxc1 28. Rxc1 Bc5 29. Re5 Bd6 30. Re2 Qb5 31. Qd2 Red8 32. Rd1 Bf8 33. f5 d4 34. cxd4 Qxf5 35. Bxb7 Rab8 36. Be4 Qb5 37. d5 exd5 38. Bxd5 Rxd5 0-1

[Event "SWE-chT 1718 Superettan"]
[Site "Sweden"]
[Date "2017.10.22"]
[Round "3"]
[White "Lindgren, Fredrik"]
[Black "Laveryd, Peter"]
[Result "1-0"]
[WhiteElo "2244"]
[BlackElo "2363"]
[PlyCount "139"]
[EventDate "2017.10.20"]
[EventType "team-tourn"]
[EventRounds "9"]
[EventCountry "SWE"]
[SourceTitle "EXT 2019"]
[Source "ChessBase"]
[SourceDate "2018.10.10"]
[SourceVersion "1"]
[SourceVersionDate "2018.10.10"]
[SourceQuality "1"]
[WhiteTeam "Umea Rockaden"]
[BlackTeam "Norrkoping Schack 08"]
[WhiteTeamCountry "SWE"]
[BlackTeamCountry "SWE"]

1. d4 Nf6 2. Nf3 c5 3. c3 e6 4. g3 Nc6 5. Bg2 d5 6. 0-0 Bd6 7. c4 dxc4 8. Qa4 0-0 9. dxc5 Bxc5 10. Qxc4 Qd5 11. Qh4 Be7 12. Nc3 Qf5 13. Qc4 Bd7 14. e4 Qa5 15. Qe2 e5 16. Bd2 Bg4 17. Nd5 Qd8 18. Nxe7+ Qxe7 19. Bc3 Nd4 20. Bxd4 exd4 21. h3 Bxf3 22. Qxf3 Rfd8 23. Rad1 Qb4 24. Qe2 Nd7 25. Qd2 Qxd2 26. Rxd2 Ne5 27. Rfd1 Nc6 28. e5 Nxe5 29. Rxd4 Re8 30. Rb4 Re7 31. Rxb7 Rxb7 32. Bxb7 Rb8 33. b3 g5 34. Be4 Kg7 35. Kg2 h5 36. Rd5 Re8 37. Rb5 Re7 38. Rb7 Rxb7 39. Bxb7 g4 40. f4 gxf3+ 41. Bxf3 h4 42. Be4 Kf6 43. gxh4 Nd7 44. Kf3 Ke5 45. Ke3 f5 46. Bc6 Nc5 47. b4 f4+ 48. Kf3 Ne6 49. b5 a6 50. a4 Nd4+ 51. Kf2 axb5 52. Bxb5 Nb3 53. Be8 Nc5 54. a5 Kf6 55. Kf3 Kf5 56. Bf7 Kf6 57. Bc4 Kf5 58. Bg8 Na6 59. Bh7+ Ke5 60. h5 Kf6 61. Kxf4 Kg7 62. Be4 Kh6 63. Bf3 Nc5 64. Ke5 Na6 65. Kd6 Kg5 66. Kc6 Nb8+ 67. Kb7 Nd7 68. Bc6 Nc5+ 69. Kb6 Nb3 70. a6 1-0

[Event "SWE-chT 1516 Superettan"]
[Site "Sweden"]
[Date "2016.03.18"]
[Round "7"]
[White "Rydstrom, Tom"]
[Black "Laveryd, Peter"]
[Result "0-1"]
[WhiteElo "2334"]
[BlackElo "2391"]
[PlyCount "60"]
[EventDate "2015.11.06"]
[EventType "team-tourn"]
[EventRounds "9"]
[EventCountry "SWE"]
[SourceTitle "EXT 2018"]
[Source "ChessBase"]
[SourceDate "2017.10.13"]
[SourceVersion "1"]
[SourceVersionDate "2017.10.13"]
[SourceQuality "1"]
[WhiteTeam "Vaxjo"]
[BlackTeam "Norrkoping Schack 08"]
[WhiteTeamCountry "SWE"]
[BlackTeamCountry "SWE"]

1. e4 Nc6 2. Nc3 e6 3. Nf3 d5 4. d4 Nf6 5. e5 Ne4 6. Bd3 Bb4 7. Bd2 Nxd2 8. Qxd2 f6 9. a3 Bxc3 10. Qxc3 fxe5 11. dxe5 Bd7 12. h4 Qe7 13. b4 a6 14. Ng5 d4 15. Qd2 Nxe5 16. Bxh7 Qf6 17. 0-0-0 Nc6 18. Rh3 0-0-0 19. Rf3 Qe7 20. Rf7 Qd6 21. Rxg7 Qe5 22. Rf7 Be8 23. Rf4 Qd5 24. Kb1 Rxh7 25. Nxh7 Bg6 26. Ka1 Bxh7 27. g4 e5 28. Rf6 Bg8 29. c4 Qxc4 30. Rc1 Qb3 0-1

[Event "SWE-chT 1516 Superettan"]
[Site "Sweden"]
[Date "2016.01.15"]
[Round "5"]
[White "Wickstrom, Lucas"]
[Black "Laveryd, Peter"]
[Result "1/2-1/2"]
[WhiteElo "2361"]
[BlackElo "2391"]
[PlyCount "81"]
[EventDate "2015.11.06"]
[EventType "team-tourn"]
[EventRounds "9"]
[EventCountry "SWE"]
[SourceTitle "EXT 2018"]
[Source "ChessBase"]
[SourceDate "2017.10.13"]
[SourceVersion "1"]
[SourceVersionDate "2017.10.13"]
[SourceQuality "1"]
[WhiteTeam "Umea Rockaden"]
[BlackTeam "Norrkoping Schack 08"]
[WhiteTeamCountry "SWE"]
[BlackTeamCountry "SWE"]

1. d4 Nf6 2. c4 c5 3. d5 a6 4. a4 e5 5. Nc3 d6 6. e4 g6 7. Bd3 Bg7 8. h3 0-0 9. Nge2 Ne8 10. Qc2 f5 11. f4 Qh4+ 12. g3 Qe7 13. Bd2 fxe4 14. Nxe4 Bf5 15. Ng5 exf4 16. Bxf5 Rxf5 17. gxf4 Nd7 18. Ra3 Bd4 19. Kd1 Rxg5 20. fxg5 Ne5 21. h4 Ng7 22. Nf4 Qd7 23. Kc1 Qg4 24. Nd3 Nf5 25. Nxe5 Bxe5 26. Rah3 Ng3 27. Rxg3 Qxg3 28. Bc3 Qe3+ 29. Kb1 Bxc3 30. bxc3 Rf8 31. Rh2 Rf1+ 32. Ka2 Rc1 33. Qe2 Qxc3 34. Qe8+ Kg7 35. Qe7+ Kg8 36. Qd8+ Kg7 37. Qc7+ Kg8 38. Qc8+ Kg7 39. Qc7+ Kg8 40. Qb8+ Kg7 41. Qc7+ 1/2-1/2

[Event "SWE-chT 1415 Superettan"]
[Site "Sweden"]
[Date "2015.03.20"]
[Round "7"]
[White "Hedman, Erik"]
[Black "Laveryd, Peter"]
[Result "1/2-1/2"]
[WhiteElo "2375"]
[BlackElo "2407"]
[PlyCount "53"]
[EventDate "2014.11.21"]
[EventType "team-tourn"]
[EventRounds "9"]
[EventCountry "SWE"]
[SourceTitle "EXT 2018"]
[Source "ChessBase"]
[SourceDate "2017.10.13"]
[SourceVersion "1"]
[SourceVersionDate "2017.10.13"]
[SourceQuality "1"]
[WhiteTeam "Stockholm Rockaden II"]
[BlackTeam "Norrkoping Schack 08"]
[WhiteTeamCountry "SWE"]
[BlackTeamCountry "SWE"]

1. d4 Nc6 2. d5 Ne5 3. e4 e6 4. Nc3 exd5 5. f4 Ng6 6. Qxd5 c6 7. Qd4 Qb6 8. Nf3 Qxd4 9. Nxd4 d6 10. g3 Nf6 11. Bg2 Bd7 12. Be3 Be7 13. 0-0-0 Bd8 14. Nf5 Bxf5 15. exf5 Ne7 16. Rxd6 Nxf5 17. Rd3 Nxe3 18. Rxe3+ Kf8 19. Rhe1 Bb6 20. Re7 Re8 21. Rxe8+ Nxe8 22. Ne4 g6 23. Rd1 Ke7 24. Re1 Kf8 25. Rd1 Ke7 26. Re1 Kf8 27. Rd1 1/2-1/2

[Event "SWE-chT 1415 Superettan"]
[Site "Sweden"]
[Date "2015.03.07"]
[Round "6"]
[White "Laveryd, Peter"]
[Black "Lindberg, Henrik"]
[Result "1-0"]
[WhiteElo "2407"]
[BlackElo "2240"]
[PlyCount "77"]
[EventDate "2014.11.21"]
[EventType "team-tourn"]
[EventRounds "9"]
[EventCountry "SWE"]
[SourceTitle "EXT 2018"]
[Source "ChessBase"]
[SourceDate "2017.10.13"]
[SourceVersion "1"]
[SourceVersionDate "2017.10.13"]
[SourceQuality "1"]
[WhiteTeam "Norrkoping Schack 08"]
[BlackTeam "Upsala"]
[WhiteTeamCountry "SWE"]
[BlackTeamCountry "SWE"]

1. e4 c5 2. Nf3 e6 3. c3 Nf6 4. Bd3 b6 5. Qe2 Bb7 6. Bc2 Nc6 7. d3 Be7 8. Bg5 d6 9. Nbd2 0-0 10. 0-0 b5 11. d4 cxd4 12. cxd4 Rb8 13. e5 dxe5 14. dxe5 Nd5 15. h4 Re8 16. Ne4 Qc7 17. Bxe7 Rxe7 18. Nd6 f5 19. exf6 gxf6 20. Nxb7 Rxb7 21. g3 Qb6 22. Rad1 Rbd7 23. Rfe1 a6 24. Bb3 Kg7 25. h5 Qd8 26. Qe4 Qe8 27. Qh4 Qf7 28. Rc1 Ncb4 29. Rc8 Re8 30. Qg4+ Kh6 31. Rxe8 Qxe8 32. Rxe6 Qxh5 33. Qe4 Qg6 34. Qh4+ Qh5 35. Rxf6+ Nxf6 36. Qxf6+ Qg6 37. Qf8+ Qg7 38. Qf4+ Kh5 39. Qh4+ 1-0

[Event "SWE Cup"]
[Site "Linkoping"]
[Date "2014.09.07"]
[Round "7.5"]
[White "Laveryd, Peter"]
[Black "Blomqvist, Erik"]
[Result "0-1"]
[WhiteElo "2407"]
[BlackElo "2506"]
[PlyCount "80"]
[EventDate "2014.09.05"]
[EventType "team-tourn"]
[EventRounds "7"]
[EventCountry "SWE"]
[SourceTitle "CBM 162 Extra"]
[Source "ChessBase"]
[SourceDate "2014.10.17"]
[SourceVersion "1"]
[SourceVersionDate "2014.10.17"]
[SourceQuality "1"]
[WhiteTeam "Norrkoping Schack 08"]
[BlackTeam "Stockholm Rockaden"]
[WhiteTeamCountry "SWE"]
[BlackTeamCountry "SWE"]

1. e4 c5 2. Nc3 a6 3. a4 Nc6 4. Nge2 g6 5. d4 cxd4 6. Nxd4 Bg7 7. Be3 Nf6 8. Nxc6 bxc6 9. e5 Ng8 10. f4 f6 11. e6 d5 12. f5 Qd6 13. Qf3 Bh6 14. Bd4 Rb8 15. Bd3 gxf5 16. Qh5+ Kd8 17. Bxf5 Bxe6 18. 0-0 Bxf5 19. Qxf5 e5 20. Bf2 Ne7 21. Qh3 Bg5 22. a5 Rxb2 23. Qd3 Rb4 24. Rab1 Rc4 25. Rb7 Ke8 26. Qh3 h5 27. Nd1 Kf7 28. Ne3 Bxe3 29. Qxe3 Ke6 30. Qh3+ Rg4 31. Bh4 Nf5 32. Bf2 d4 33. c3 dxc3 34. Qxc3 Qd5 35. Qh3 Rhg8 36. Bg3 h4 37. Kh1 Qc4 38. Rfb1 hxg3 39. Qh5 Nd6 40. Rc7 Rh4 0-1

[Event "SWE Cup"]
[Site "Linkoping"]
[Date "2014.09.06"]
[Round "3.1"]
[White "Nithander, Victor"]
[Black "Laveryd, Peter"]
[Result "1-0"]
[WhiteElo "2428"]
[BlackElo "2407"]
[PlyCount "87"]
[EventDate "2014.09.05"]
[EventType "team-tourn"]
[EventRounds "7"]
[EventCountry "SWE"]
[SourceTitle "CBM 162 Extra"]
[Source "ChessBase"]
[SourceDate "2014.10.17"]
[SourceVersion "1"]
[SourceVersionDate "2014.10.17"]
[SourceQuality "1"]
[WhiteTeam "Team Viking"]
[BlackTeam "Norrkoping Schack 08"]
[WhiteTeamCountry "SWE"]
[BlackTeamCountry "SWE"]

1. e4 Nf6 2. e5 Nd5 3. d4 d6 4. Nf3 Bg4 5. Be2 c6 6. c4 Nb6 7. exd6 exd6 8. 0-0 Be7 9. b3 0-0 10. Nc3 Na6 11. Bf4 Nc7 12. h3 Bh5 13. Qd2 Ne6 14. Bh2 Bf6 15. g4 Bg6 16. Rad1 Re8 17. Rfe1 h5 18. Bf1 hxg4 19. hxg4 d5 20. c5 Nd7 21. Bh3 Ndf8 22. Bg3 b6 23. b4 a5 24. a3 axb4 25. axb4 bxc5 26. bxc5 Qa5 27. Ne5 Ng5 28. Bg2 Bxe5 29. Rxe5 Rxe5 30. Bxe5 Ne4 31. Nxe4 dxe4 32. Qxa5 Rxa5 33. f3 e3 34. f4 e2 35. Re1 Bd3 36. Bxc6 Ne6 37. Bd7 Nf8 38. Bf5 Ba6 39. c6 f6 40. Bd6 g6 41. Bc2 Bc4 42. c7 Ra8 43. Be4 Re8 44. Bc6 1-0

[Event "SWE-chT2 1314"]
[Site "Sweden"]
[Date "2014.03.07"]
[Round "7"]
[White "Pettersson, Anders1111"]
[Black "Laveryd, Peter"]
[Result "0-1"]
[WhiteElo "2068"]
[BlackElo "2414"]
[PlyCount "54"]
[EventDate "2013.11.22"]
[EventType "team-tourn"]
[EventRounds "9"]
[EventCountry "SWE"]
[SourceTitle "EXT 2015"]
[Source "ChessBase"]
[SourceDate "2014.11.20"]
[SourceVersion "1"]
[SourceVersionDate "2014.11.20"]
[SourceQuality "1"]
[WhiteTeam "Manhem II"]
[BlackTeam "Norrkoping Schack 08"]
[WhiteTeamCountry "SWE"]
[BlackTeamCountry "SWE"]

1. d4 d6 2. Nc3 Nf6 3. Bg5 Nbd7 4. Qd2 e5 5. 0-0-0 c6 6. e3 Be7 7. f4 0-0 8. Bd3 exd4 9. exd4 d5 10. Qf2 b5 11. Nf3 b4 12. Ne2 Ne4 13. Bxe4 dxe4 14. Bxe7 Qxe7 15. Ne5 Nb6 16. Nxc6 Qd6 17. d5 Bb7 18. Qd4 Bxc6 19. dxc6 Qxc6 20. Qxb4 Rab8 21. Rd4 Rfc8 22. Nc3 e3 23. Qe7 Qxg2 24. Rhd1 Re8 25. Rd8 Qd2+ 26. R1xd2 exd2+ 27. Kd1 Rbxd8 0-1

[Event "SWE-chT2 1213"]
[Site "Sweden"]
[Date "2013.01.13"]
[Round "5"]
[White "Fors, Klas"]
[Black "Laveryd, Peter"]
[Result "0-1"]
[WhiteElo "2082"]
[BlackElo "2404"]
[PlyCount "26"]
[EventDate "2012.10.20"]
[EventType "team-tourn"]
[EventRounds "9"]
[EventCountry "SWE"]
[SourceTitle "EXT 2015"]
[Source "ChessBase"]
[SourceDate "2014.11.20"]
[SourceVersion "1"]
[SourceVersionDate "2014.11.20"]
[SourceQuality "1"]
[WhiteTeam "Majorna"]
[BlackTeam "Norrkoping Schack 08"]
[WhiteTeamCountry "SWE"]
[BlackTeamCountry "SWE"]

1. Nf3 Nf6 2. c4 c5 3. Nc3 Nc6 4. g3 g6 5. Bg2 Bg7 6. 0-0 0-0 7. d4 d6 8. dxc5 dxc5 9. Be3 Qa5 10. Qa4 Qxa4 11. Nxa4 b6 12. Ne5 Nxe5 13. Bxa8 Bd7 0-1

[Event "SWE-chT2 1213"]
[Site "Sweden"]
[Date "2012.12.01"]
[Round "3"]
[White "Laveryd, Peter"]
[Black "Alm, Hakan"]
[Result "1/2-1/2"]
[WhiteElo "2404"]
[BlackElo "2288"]
[PlyCount "68"]
[EventDate "2012.10.20"]
[EventType "team-tourn"]
[EventRounds "9"]
[EventCountry "SWE"]
[SourceTitle "EXT 2015"]
[Source "ChessBase"]
[SourceDate "2014.11.20"]
[SourceVersion "1"]
[SourceVersionDate "2014.11.20"]
[SourceQuality "1"]
[WhiteTeam "Norrkoping Schack 08"]
[BlackTeam "Orebro"]
[WhiteTeamCountry "SWE"]
[BlackTeamCountry "SWE"]

1. e4 Nf6 2. d3 e5 3. Nf3 Nc6 4. g3 d5 5. exd5 Qxd5 6. Bg2 Bc5 7. 0-0 0-0 8. Bg5 Bg4 9. Bxf6 gxf6 10. Nc3 Qe6 11. Na4 Be7 12. Qc1 Kh8 13. a3 Rad8 14. Re1 Rg8 15. b4 Qf5 16. Qe3 b6 17. Nb2 a5 18. c3 Qh5 19. d4 axb4 20. axb4 Bf8 21. Qe4 Ne7 22. dxe5 f5 23. Qb7 Nd5 24. Nd4 Nxc3 25. Qxc7 Rxd4 26. Qxc3 Rd8 27. Nc4 f4 28. Nd6 Be6 29. Ne4 Rc8 30. Qb2 f3 31. Nf6 Qf5 32. Bf1 Rg6 33. Rac1 Ra8 34. Ra1 Rc8 1/2-1/2

[Event "SWE-chT2 1112"]
[Site "Sweden"]
[Date "2012.03.09"]
[Round "7"]
[White "Setterqvist, Kurt"]
[Black "Laveryd, Peter"]
[Result "1/2-1/2"]
[WhiteElo "2313"]
[BlackElo "2410"]
[PlyCount "73"]
[EventDate "2011.10.22"]
[EventType "team-tourn"]
[EventRounds "9"]
[EventCountry "SWE"]
[SourceTitle "EXT 2013"]
[Source "ChessBase"]
[SourceDate "2012.11.22"]
[SourceVersion "1"]
[SourceVersionDate "2012.11.22"]
[SourceQuality "1"]
[WhiteTeam "Lulea"]
[BlackTeam "Norrkoping Schack 08"]
[WhiteTeamCountry "SWE"]
[BlackTeamCountry "SWE"]

1. Nf3 Nc6 2. d4 d5 3. g3 Nf6 4. Bg2 e6 5. 0-0 Rb8 6. Bg5 Be7 7. Nbd2 b5 8. c3 h6 9. Bxf6 Bxf6 10. e4 0-0 11. Re1 Na5 12. Qc2 Nc4 13. Nxc4 dxc4 14. b3 cxb3 15. axb3 a6 16. e5 Be7 17. b4 a5 18. Rxa5 c5 19. dxc5 Bxc5 20. Raa1 Bb6 21. Rad1 Qc7 22. Rd6 Bb7 23. Nd4 Bxg2 24. Kxg2 Bxd4 25. Rxd4 Rfc8 26. Qd3 Qc6+ 27. Kg1 Rc7 28. Rd8+ Rxd8 29. Qxd8+ Kh7 30. Qd3+ g6 31. Rd1 Ra7 32. h4 h5 33. Qd4 Qf3 34. Qxa7 Qxd1+ 35. Kh2 Kg7 36. Qe3 Qf1 37. Qd2 1/2-1/2

[Event "SWE-chT2 1112"]
[Site "Sweden"]
[Date "2012.02.05"]
[Round "6"]
[White "Laveryd, Peter"]
[Black "Greiff, Hakan"]
[Result "1/2-1/2"]
[WhiteElo "2410"]
[BlackElo "2275"]
[PlyCount "91"]
[EventDate "2011.10.22"]
[EventType "team-tourn"]
[EventRounds "9"]
[EventCountry "SWE"]
[SourceTitle "EXT 2013"]
[Source "ChessBase"]
[SourceDate "2012.11.22"]
[SourceVersion "1"]
[SourceVersionDate "2012.11.22"]
[SourceQuality "1"]
[WhiteTeam "Norrkoping Schack 08"]
[BlackTeam "Rodeby"]
[WhiteTeamCountry "SWE"]
[BlackTeamCountry "SWE"]

1. e4 e5 2. Nf3 Nc6 3. Nc3 Nf6 4. g3 a6 5. Bg2 Bc5 6. 0-0 d6 7. d3 0-0 8. Bg5 h6 9. Be3 Bxe3 10. fxe3 Bg4 11. Qd2 Ne7 12. Nh4 Ng6 13. Nf5 c6 14. d4 Bxf5 15. Rxf5 Nd7 16. Nd1 Qb6 17. c3 Rae8 18. Rf1 c5 19. Nf2 Nf6 20. a3 cxd4 21. exd4 d5 22. exd5 exd4 23. c4 Ne5 24. Rac1 Rc8 25. c5 Rxc5 26. Qxd4 Ned7 27. Rxc5 Qxc5 28. Qxc5 Nxc5 29. Rc1 b6 30. b4 Ncd7 31. Rc7 Re8 32. Ne4 Rd8 33. Nd6 Ne5 34. Nf5 g6 35. Rc8 Rxc8 36. Ne7+ Kf8 37. Nxc8 Nc4 38. d6 Ke8 39. Bb7 Kd7 40. Bxa6 Nxa3 41. Nxb6+ Kxd6 42. Nc4+ Nxc4 43. Bxc4 Ke7 44. Bb3 Nd7 45. Kf2 Ne5 46. Ke3 1/2-1/2

[Event "SWE-chT2 1112"]
[Site "Sweden"]
[Date "2012.02.04"]
[Round "5"]
[White "Andersson, Fredrik1111"]
[Black "Laveryd, Peter"]
[Result "1/2-1/2"]
[WhiteElo "2304"]
[BlackElo "2410"]
[PlyCount "53"]
[EventDate "2011.10.22"]
[EventType "team-tourn"]
[EventRounds "9"]
[EventCountry "SWE"]
[SourceTitle "EXT 2013"]
[Source "ChessBase"]
[SourceDate "2012.11.22"]
[SourceVersion "1"]
[SourceVersionDate "2012.11.22"]
[SourceQuality "1"]
[WhiteTeam "Upsala"]
[BlackTeam "Norrkoping Schack 08"]
[WhiteTeamCountry "SWE"]
[BlackTeamCountry "SWE"]

1. d4 b5 2. e4 a6 3. Nf3 e6 4. a4 b4 5. Bd3 c5 6. d5 Qc7 7. 0-0 e5 8. Nbd2 d6 9. a5 Nf6 10. h3 Be7 11. Nc4 0-0 12. Nh2 Bd7 13. f4 Ne8 14. Nf3 Bb5 15. Qe2 Nd7 16. f5 Bxc4 17. Bxc4 Qb7 18. Nh2 Nc7 19. Rf3 Nb5 20. c3 Rfb8 21. Ng4 Nf6 22. Rg3 Kh8 23. Nxf6 Bxf6 24. Qh5 Qe7 25. Bd2 bxc3 26. bxc3 Nc7 27. Be1 1/2-1/2

[Event "SWE-chT 0304"]
[Site "Sweden"]
[Date "2004.??.??"]
[Round "10"]
[White "Laveryd, Peter"]
[Black "Cramling, Dan"]
[Result "0-1"]
[WhiteElo "2455"]
[BlackElo "2402"]
[PlyCount "56"]
[EventDate "2003.10.??"]
[EventType "team"]
[EventRounds "11"]
[EventCountry "SWE"]
[SourceTitle "EXT 2005"]
[Source "ChessBase"]
[SourceDate "2004.11.15"]
[SourceVersion "1"]
[SourceVersionDate "2004.11.15"]
[SourceQuality "1"]
[WhiteTeam "Norrkoping Schack 08"]
[BlackTeam "Passanten"]
[WhiteTeamCountry "SWE"]
[BlackTeamCountry "SWE"]

1. d4 Nf6 2. Nf3 c5 3. e3 e6 4. Bd3 Nc6 5. 0-0 Qc7 6. c4 d5 7. Nc3 dxc4 8. Bxc4 a6 9. a3 b5 10. Ba2 Bb7 11. Qe2 Rd8 12. Rd1 Be7 13. dxc5 Rxd1+ 14. Nxd1 Ne5 15. Nxe5 Qxe5 16. f4 Qxc5 17. b4 Qd6 18. Bb2 0-0 19. Nf2 Rc8 20. Nd3 Ne4 21. Be5 Qc6 22. Bb3 Bf6 23. Bxf6 gxf6 24. Nc5 Nxc5 25. bxc5 Qxc5 26. Rd1 Qxa3 27. Qg4+ Kf8 28. Rb1 Rc1+ 0-1

[Event "SWE-chT 0102"]
[Site "Sweden"]
[Date "2002.03.17"]
[Round "11"]
[White "Furhoff, Johan"]
[Black "Laveryd, Peter"]
[Result "1/2-1/2"]
[WhiteElo "2412"]
[BlackElo "2465"]
[PlyCount "49"]
[EventDate "2001.10.12"]
[EventType "team"]
[EventRounds "11"]
[EventCountry "SWE"]
[SourceTitle "EXT 2003"]
[Source "ChessBase"]
[SourceDate "2002.11.25"]
[SourceVersion "1"]
[SourceVersionDate "2002.11.25"]
[SourceQuality "1"]
[WhiteTeam "Sodra"]
[BlackTeam "Norrkoping Schack 08"]
[WhiteTeamCountry "SWE"]
[BlackTeamCountry "SWE"]

1. e4 e6 2. d4 d5 3. Nd2 dxe4 4. Nxe4 Nd7 5. Nf3 Ngf6 6. Nxf6+ Nxf6 7. Bg5 Be7 8. Bd3 c5 9. 0-0 cxd4 10. Nxd4 0-0 11. c3 Nd5 12. Bxe7 Qxe7 13. Re1 Nf6 14. Qf3 Qc7 15. Nb5 Qb8 16. Rad1 Bd7 17. Nd6 Bc6 18. Qh3 Bd5 19. Ne4 Bxe4 20. Bxe4 Qc7 21. Rd4 Rad8 22. Qd3 Rxd4 23. Qxd4 Rd8 24. Qa4 Nxe4 25. Rxe4 1/2-1/2